00588 a2200181 450000100060000002000180000604000370002410000230006124000310008424500260011530000070014136200090014865000240015794200070018195201050018895200960029399900170038974896 a9788582171608 cAnchieta - Colégio São Paulo aJunqueira, Sônia10aO menino e o peixinholpor10aO menino e o peixinho a310 a2013 4aLiteratura infantil cBK 00104070a88.1b88.1d2023-11-22l0oLI 028.5 J957mp6021/CSPr2023-11-22 14:32:04w2023-11-22yBK 00102ddc4070a57.2b57.2d2024-07-05l0pif845r2024-07-05 12:36:37w2024-07-05yBKzOu c74896d74896